000 00952nam a2200361 a 4500
003 AR-BaBNM
005 20251128205342.0
008 082120s2002 ||||||||||||||000 | spa||
020 _a84-207-3134-X
040 _cAR-BaBNM
100 1 _aParedes Alonso, Javier
245 0 0 _aLa España liberal del siglo XIX
250 _a1ª ed.
260 _aMadrid
_bAnaya
_c1988
300 _a128 p.
_bil., láms.
490 0 _aBiblioteca iberoamericana
_vv. 63
504 _aBibliografía para consultar p. 125.
650 4 _aHISTORIA SOCIAL
650 4 _aHISTORIA POLITICA
650 4 _aLIBERALISMO
650 4 _aFILOSOFIA
650 4 _aCIENCIAS POLITICAS
650 4 _aDOCTRINAS POLITICAS
650 4 _aGUERRA CIVIL
650 4 _aREVOLUCION
650 4 _aMOVIMIENTOS REVOLUCIONARIOS
650 4 _aSIGLO DIECINUEVE
651 4 _aEspaña
651 4 _aCuba
800 1 _aRoche, Antonio
_edirector
942 _cBK
998 _cmariana
999 _c11053
_d11053